[Event "Vlissingen HZ op 26th"]
[Site "Vlissingen"]
[Date "2024.08.05"]
[Round "4"]
[White "Karsay, Pascal"]
[Black "Hausrath, Daniel"]
[Result "1/2-1/2"]
[WhiteElo "2357"]
[BlackElo "2469"]
[PlyCount "99"]
[EventDate "2024.08.03"]
[EventType "swiss"]
[EventRounds "9"]
[EventCountry "NED"]
[SourceTitle "CBM 221 Extra"]
[Source "ChessBase"]
[SourceDate "2024.09.30"]
[SourceVersion "1"]
[SourceVersionDate "2024.09.30"]
[SourceQuality "1"]

1. d4 Nf6 2. Nf3 g6 3. c4 Bg7 4. g3 0-0 5. Bg2 d6 6. Nc3 c6 7. 0-0 Bf5 8. Re1 Ne4 9. Qb3 Nxc3 10. bxc3 Bc8 11. e4 Nd7 12. Ba3 Re8 13. c5 dxc5 14. e5 c4 15. Qxc4 Nb6 16. Qe2 Be6 17. Ng5 Bc4 18. Qg4 f5 19. Qd1 h6 20. Nh3 Nd5 21. Qc1 g5 22. Qc2 e6 23. Reb1 b5 24. Bd6 Bf8 25. Bxf8 Rxf8 26. Qd2 Qe7 27. f4 g4 28. Nf2 Qa3 29. Bxd5 cxd5 30. h3 h5 31. Nd1 Kg7 32. Ne3 Rac8 33. Kf2 a5 34. Rb2 Rf7 35. hxg4 hxg4 36. Rh1 Kg6 37. Kg1 Qe7 38. Nxc4 Rxc4 39. Rxb5 Rh7 40. Rxh7 Qxh7 41. Rb6 Qh3 42. Rxe6+ Kg7 43. Qh2 Qxh2+ 44. Kxh2 Rxc3 45. Rf6 Rc2+ 46. Kg1 Rxa2 47. Rxf5 a4 48. Rf6 Ra3 49. Kf2 Rf3+ 50. Kg2 1/2-1/2

[Event "Vlissingen HZ op 26th"]
[Site "Vlissingen"]
[Date "2024.08.04"]
[Round "2"]
[White "Karsay, Pascal"]
[Black "Goossens, Xavier"]
[Result "1-0"]
[WhiteElo "2357"]
[BlackElo "2010"]
[PlyCount "95"]
[EventDate "2024.08.03"]
[EventType "swiss"]
[EventRounds "9"]
[EventCountry "NED"]
[SourceTitle "CBM 221 Extra"]
[Source "ChessBase"]
[SourceDate "2024.09.30"]
[SourceVersion "1"]
[SourceVersionDate "2024.09.30"]
[SourceQuality "1"]

1. d4 d5 2. c4 c5 3. Nf3 cxd4 4. cxd5 Qa5+ 5. Qd2 Qxd5 6. Qxd4 Qxd4 7. Nxd4 Bd7 8. Nc3 Nc6 9. Nxc6 Bxc6 10. e4 e6 11. Be3 Bb4 12. f3 Nf6 13. Rc1 0-0 14. Kf2 Rfd8 15. Be2 a6 16. h4 h5 17. Rc2 Nd7 18. Rd1 Rac8 19. Rcd2 Be7 20. g3 b5 21. a3 Ne5 22. Rxd8+ Rxd8 23. Rxd8+ Bxd8 24. b4 Bf6 25. Nb1 g6 26. Bg5 Bg7 27. Be7 f5 28. Ke3 Kf7 29. Bd6 fxe4 30. fxe4 Nd7 31. a4 Nf6 32. axb5 Bxb5 33. Bxb5 axb5 34. Na3 Ne8 35. Nxb5 Nxd6 36. Nxd6+ Ke7 37. Nc4 Bc3 38. b5 e5 39. Ke2 Bd4 40. Kd3 Kd7 41. Kc2 Kc7 42. Kb3 Ba1 43. Ka4 Bd4 44. Ka5 Kb7 45. b6 Bf2 46. Kb5 Bxg3 47. Na5+ Kb8 48. Ka6 1-0

[Event "Maia op 7th"]
[Site "Maia"]
[Date "2023.08.30"]
[Round "6"]
[White "Ouwersloot, Hans"]
[Black "Karsay, Pascal"]
[Result "0-1"]
[WhiteElo "1968"]
[BlackElo "2319"]
[PlyCount "66"]
[EventDate "2023.08.25"]
[EventType "swiss"]
[EventRounds "9"]
[EventCountry "POR"]
[SourceTitle "CBM 216 Extra"]
[Source "ChessBase"]
[SourceDate "2023.11.30"]
[SourceVersion "1"]
[SourceVersionDate "2023.11.30"]
[SourceQuality "1"]

1. e4 c6 2. Bc4 d5 3. Bb3 g6 4. Qf3 Nf6 5. e5 Nfd7 6. d4 Bg7 7. Qg3 c5 8. c3 Nc6 9. Nf3 f6 10. 0-0 cxd4 11. cxd4 e6 12. Re1 fxe5 13. dxe5 0-0 14. Nc3 Nc5 15. Be3 Nd3 16. Red1 Ncxe5 17. Bg5 Qa5 18. Nxe5 Nxe5 19. Nxd5 Kh8 20. Ne7 Nf7 21. Be3 Bxb2 22. Bd4+ Bxd4 23. Rxd4 Qc5 24. Nxg6+ hxg6 25. Rh4+ Kg7 26. Rd1 e5 27. Rc4 Qe7 28. Bc2 Qg5 29. Qf3 Be6 30. Rc7 Rac8 31. Rxc8 Rxc8 32. h4 Qg4 33. Qd3 Bf5 0-1

[Event "GER-ch Blitz"]
[Site "Viernheim"]
[Date "2023.07.15"]
[Round "8"]
[White "Karsay, Pascal"]
[Black "Lang, Torsten"]
[Result "0-1"]
[WhiteElo "2319"]
[BlackElo "2288"]
[PlyCount "70"]
[EventDate "2023.07.15"]
[EventType "tourn (blitz)"]
[EventRounds "29"]
[EventCountry "GER"]
[SourceTitle "CBM 215 Extra"]
[Source "ChessBase"]
[SourceDate "2023.09.30"]
[SourceVersion "1"]
[SourceVersionDate "2023.09.30"]
[SourceQuality "1"]

1. Nf3 g6 2. e4 Bg7 3. d4 d6 4. Be2 a6 5. 0-0 Nd7 6. a4 e5 7. dxe5 dxe5 8. Bc4 h6 9. Nc3 Ngf6 10. Qe2 0-0 11. Rd1 Nh5 12. Be3 c6 13. Rd6 Kh7 14. Rad1 Qe7 15. a5 Re8 16. Qd2 Nhf6 17. Na4 Bf8 18. Rd3 Nxe4 19. Qe2 Nef6 20. Nb6 Nxb6 21. Bxb6 e4 22. Re3 exf3 23. Rxe7 fxe2 24. Rxf7+ Bg7 25. Re1 Be6 26. Bxe6 Rxe6 27. Rxb7 Nd5 28. Bd4 Rg8 29. c4 Nf4 30. Be3 Rd8 31. Bxf4 Rd1 32. Bd2 Rxd2 33. f3 Kg8 34. Rb8+ Kf7 35. Rb7+ Re7 0-1

[Event "GER-ch Blitz"]
[Site "Viernheim"]
[Date "2023.07.15"]
[Round "20"]
[White "Karsay, Pascal"]
[Black "Wagner, Dennis"]
[Result "0-1"]
[WhiteElo "2319"]
[BlackElo "2598"]
[PlyCount "66"]
[EventDate "2023.07.15"]
[EventType "tourn (blitz)"]
[EventRounds "29"]
[EventCountry "GER"]
[SourceTitle "CBM 215 Extra"]
[Source "ChessBase"]
[SourceDate "2023.09.30"]
[SourceVersion "1"]
[SourceVersionDate "2023.09.30"]
[SourceQuality "1"]

1. Nf3 c5 2. b3 Nc6 3. Bb2 Nf6 4. c4 d5 5. cxd5 Nxd5 6. a3 f6 7. e3 e5 8. Qc2 Be7 9. Nc3 Be6 10. Ne4 Rc8 11. Rc1 0-0 12. Qb1 b6 13. d3 Qd7 14. Be2 Rfd8 15. 0-0 Bf8 16. Rfd1 Kh8 17. Bf1 Bg8 18. Ned2 Nc7 19. Nc4 Ne6 20. Bc3 b5 21. Ncd2 Ne7 22. Ba5 Re8 23. b4 Nc6 24. Nb3 cxb4 25. axb4 Nxb4 26. Nbd2 Nd5 27. Nb3 b4 28. d4 Nc3 29. Qb2 Nxd1 30. Rxd1 exd4 31. Nfxd4 Nxd4 32. Rxd4 Qa4 33. Rxb4 Bxb4 0-1

[Event "Oberliga Sued W 2223"]
[Site "Germany"]
[Date "2023.03.19"]
[Round "7.1"]
[White "Becker, Thomas2"]
[Black "Karsay, Pascal"]
[Result "0-1"]
[WhiteElo "2124"]
[BlackElo "2339"]
[PlyCount "94"]
[EventDate "2022.10.23"]
[EventType "team-tourn"]
[EventRounds "9"]
[EventCountry "GER"]
[SourceTitle "EXT 2025"]
[Source "ChessBase"]
[SourceDate "2024.10.14"]
[SourceVersion "1"]
[SourceVersionDate "2024.10.14"]
[SourceQuality "1"]
[WhiteTeam "Winterbach Turm"]
[BlackTeam "Worms"]
[WhiteTeamCountry "GER"]
[BlackTeamCountry "GER"]

1. e4 c6 2. Nc3 d5 3. Nf3 dxe4 4. Nxe4 Nf6 5. Qe2 Nxe4 6. Qxe4 Nd7 7. Bc4 Nf6 8. Ne5 e6 9. Qe2 b5 10. Bb3 Qc7 11. 0-0 Bd6 12. d4 0-0 13. Re1 a5 14. c3 c5 15. dxc5 Qxc5 16. Bg5 Nd5 17. Rad1 Qc7 18. Rxd5 exd5 19. Bxd5 Bb7 20. Bxf7+ Rxf7 21. Nxf7 Qxf7 22. Qxb5 Rb8 23. Qd3 Bc5 24. Be3 Re8 25. b3 Be4 26. Qf1 Bd6 27. f3 Qh5 28. f4 Qg6 29. Qf2 h5 30. Qg3 Qxg3 31. hxg3 Bf5 32. Kf2 Bg4 33. Bd4 Rc8 34. c4 Kf7 35. Bb6 a4 36. Re3 a3 37. Rd3 Bb4 38. Rd5 Re8 39. Be3 Be1+ 40. Kxe1 Rxe3+ 41. Kf2 Re2+ 42. Kg1 Rxa2 43. Ra5 g6 44. b4 Be6 45. b5 Bxc4 46. b6 Ra1+ 47. Kh2 a2 0-1